Metody cifrovogo modelirovanija i indentifikacii stacionarnych slučajnych processov v informacionno-izmeritel'nych sistemach

Na minha lista:
Detalhes bibliográficos
Formato: Livro
Idioma:russo
Publicado em: Leningrad Energoatomizdat 1988
Edição:1. izd.
Tags: Adicionar Tag
Sem tags, seja o primeiro a adicionar uma tag!

MARC

LEADER 00000nam a2200000 4500
001 c040299
005 20221219125149.1
041 0 |a rus 
044 |a RU 
245 1 0 |a Metody cifrovogo modelirovanija i indentifikacii stacionarnych slučajnych processov v informacionno-izmeritel'nych sistemach 
250 |a 1. izd. 
264 1 |a Leningrad  |b Energoatomizdat  |c 1988 
300 |a 64 s.